000 01553nam a2200241Ia 4500
999 _c52014
_d52014
001 19018
003 GE_BSU
005 20210423174444.0
008 181216s2013||||ge |||||||||||||| ||geo||
040 _cGE_BSU
041 _ageo
080 _a81 თ-68
100 _aთოიძე, ათინა
_95438
245 _aრეკლამის კომუნიკაციური ფუნქცია და სარეკლამო სლოგანის პარადოქსები (ინგლისური და ქართული ენების ბაზაზე) /
_cათინა თოიძე; მეცნ. ხელმძღვ. ნ. სურგულაძე; ბათუმის შოთა რუსთაველის სახ-ფო უნ-ტი.
264 _aბათუმი,
_c2013.
300 _a128 გვ. ;
_b30 სმ.
653 _aდისერტაცია
653 _aენათმეცნიერება
653 _aრეკლამის კომუნიკაციური ფუნქცია და სარეკლამო სლოგანის პარადოქსები (ინგლისური და ქართული ენების ბაზაზე)
700 _aსურგულაძე, ნ.
_eსამეცნიერო ხელმძღვანელი
_97643
710 _aბათუმის შოთა რუსთაველის სახ-ფო უნ-ტი
_911592
942 _cBK
_2udc